000 00719nam a2200217Ia 4500
001 14776
003 GE_BSU
008 181216s||||||||xx |||||||||||||| ||und||
040 _cGE_BSU
080 _a531(075.32)
100 _aАркуша,А.И.
245 _aРуководство к решению задач по теоретической механике
245 _cРед.З.Г.Овсянникова
250 _a2-ое изд-е испр. и допол.
260 _aМосква
260 _bВысшая школа
260 _c1971
300 _a295стр.22см.
653 _aРуководство к решению задач по теоретической механике
942 _cBK
999 _c47899
_d47899